EURES - Európske služby zamestnanosti bakalárska práca

Salvato in:
Dettagli Bibliografici
Autore principale: Mikulová, Ľubica
Ente Autore: Národohospodárska fakulta EU. Katedra sociálneho rozvoja a práce
Altri autori: Katuščák, Boris
Natura: Libro
Lingua:slovacco
Pubblicazione: Bratislava 2009
Tags: Aggiungi Tag
Nessun Tag, puoi essere il primo ad aggiungerne!!

MARC

LEADER 00000nam$a2200000$$$4500
001 0100873
005 20240318140502.1
041 0 |a slo 
044 |a SK 
245 1 0 |a EURES - Európske služby zamestnanosti  |b bakalárska práca  |c Ľubica Mikulová ; škol. Boris Katuščák 
264 1 |a Bratislava  |c 2009 
300 |a 49 s. 
100 1 |a Mikulová, Ľubica 
700 1 |a Katuščák, Boris 
710 2 |a Národohospodárska fakulta EU. Katedra sociálneho rozvoja a práce